Stavebníctvo ako významný pilier hospodárstva Slovenskej republiky
Význam stavebníctva v makroekonomickej situácii Slovenskej republiky. Hrubý domáci produkt Slovenskej republiky (2010-2016). Podiel vybraných odvetví vrátane stavebníctva na tvorbe HDP. Štruktúra stavebnej produkcie podľa smerov výstavby. Prevaha tzv. nebytových stavieb. Miera inflácie a medziročný...
Enregistré dans:
| Auteur principal: | |
|---|---|
| Format: | Chapitre de livre |
| Langue: | slovaque |
| Sujets: | |
| Tags: |
Pas de tags, Soyez le premier à ajouter un tag!
|
MARC
| LEADER | 00000naa$a2200000$$$4500 | ||
|---|---|---|---|
| 001 | 0248071 | ||
| 005 | 20240502103645.4 | ||
| 041 | 0 | |a slo | |
| 044 | |a SK | ||
| 245 | 1 | 0 | |a Stavebníctvo ako významný pilier hospodárstva Slovenskej republiky |c Peter Sika |
| 520 | |a Význam stavebníctva v makroekonomickej situácii Slovenskej republiky. Hrubý domáci produkt Slovenskej republiky (2010-2016). Podiel vybraných odvetví vrátane stavebníctva na tvorbe HDP. Štruktúra stavebnej produkcie podľa smerov výstavby. Prevaha tzv. nebytových stavieb. Miera inflácie a medziročný rast cien priemyselných výrobkov a stavebných prác. Vývoj zamestnanosti vo vybraných odvetviach národného hospodárstva. Negatívne faktory ovplyvňujúce stavebníctvo s dopadom na ekonomiku SR. | ||
| 610 | 2 | 0 | |a stavebníctvo |
| 610 | 2 | 0 | |a byty |
| 610 | 2 | 0 | |a hospodárstvo národné |
| 610 | 2 | 0 | |a produkt domáci hrubý |
| 610 | 2 | 0 | |a miera inflácie |
| 610 | 2 | 0 | |a zamestnanosť |
| 610 | 2 | 0 | |a ekonomika tieňová |
| 610 | 2 | 0 | |a Slovensko |
| 100 | 1 | |a Sika, Peter, 1975- | |